Statistics for Ultimate "Lake" Geography Quiz

Click here to take the quiz!

General Stats

  • This quiz has been taken 634 times
  • The average score is 24 of 65

Answer Stats

ClueAnswer% Correct
Has a mythical Scottish monsterLoch Ness
97%
Borders ChicagoLake Michigan
95%
Largest lake in Africa (area)Lake Victoria
95%
Borders Cleveland and BuffaloLake Erie
94%
Largest freshwater lake (by area)Lake Superior
93%
Borders TorontoLake Ontario
88%
Largest freshwater lake (by volume)Lake Baikal
87%
Lake in Switzerland and FranceLake Geneva
81%
High-altitude lake between
Bolivia and Peru
Lake Titicaca
80%
Has world's largest lake-islandLake Huron
69%
Italian lake for the rich and famousLake Como
63%
Twice hosted the Winter OlympicsLake Placid
62%
Lake in Central America infested
with freshwater sharks
Lake Nicaragua
58%
Largest in Scotland (by area)Loch Lomond
56%
Between California and NevadaLake Tahoe
55%
African lake - world's second
largest by volume
Lake Tanganyika
54%
African lake that shrank by 95%
between 1963–1998
Lake Chad
52%
Has more fish species than anyLake Malawi
52%
African Great Lake named in honor
of Queen Victoria's consort
Lake Albert
49%
Largest in ManitobaLake Winnipeg
46%
Large lagoon of VenezuelaLake Maracaibo
44%
Lake near the above with namesake
of the world capital on it
Lake Managua
43%
African Great Lake named after
a British king
Lake Edward
40%
Largest lakes in northwestern
Russia, near St. Petersburg
Lake Ladoga
40%
Largest in HungaryLake Balaton
38%
Syrian reservoir built on Euphrates
(hint: nation's president)
Lake Assad
37%
Reservoir created by Hoover DamLake Mead
35%
Reservoir in Nile with namesake
for an Egyptian President
Lake Nasser
34%
"Shocking" reservoir of GhanaLake Volta
33%
Between Austria, Germany
and Switzerland
Lake Constance
32%
Largest in Australia
(hint: Charlotte Brontë novel)
Lake Eyre
32%
Between Vermont and New YorkLake Champlain
31%
Location of Scafell Pike,
the tallest mountain in England
Lake District
31%
Largest in ItalyLake Garda
30%
Saltwater lake New Orleans bordersLake Pontchartrain
30%
Lake on which Zürich is situatedLake Zürich
30%
Largest in Turkey
(as well as the Middle East)
Lake Van
28%
Largest lakes in northwestern
Russia, near St. Petersburg
Lake Onega
27%
City between Tampa and OrlandoLakeland
23%
Famous lake in Slovenia with a
church on an island in it
Lake Bled
22%
Kazakhstan's largestLake Balkhash
21%
Lake at the northernmost point
in the continental US
Lake of the Woods
21%
Largest in the United KingdomLough Neagh
21%
Manitoba's third largest lakeLake Manitoba
19%
Biggest lake in AntarcticaLake Vostok
16%
Between Alberta and SaskatchewanLake Athabasca
15%
Major lake west of RwandaLake Kivu
14%
Between Estonia and RussiaLake Peipus
14%
Indonesian supervolcano that
nearly caused humans' extinction
Lake Toba
14%
Another name for Sea of GalileeLake Tiberias
13%
"Awesome" loch near the aboveLoch Awe
13%
Minnesota town where all the kids
are above average
Lake Wobegon
12%
Deepest and oldest lake in
Southern Europe, a UNESCO site
Lake Ohrid
11%
Largest in FinlandLake Saimaa
11%
Where the Blue Nile startsLake Tana
11%
New Zealand's biggest lakeLake Taupo
11%
Is connected to Perth, Scotland by
a river with the same name
Loch Tay
11%
Chicago's most populous
community area
Lake View
10%
Largest lake entirely in SwitzerlandLake Neuchâtel
9%
Reservoir north of Charlotte, NC
(hint: Norse ethnic group)
Lake Norman
9%
Makes up about 4% of
Armenia's surface area
Lake Sevan
8%
Largest lake in IranLake Urmia
8%
Lake in Djibouti that contains
Africa's lowest point
Lake Assal
7%
Largest in JapanLake Biwa
7%
Largest in FloridaLake Okeechobee
7%

Score Distribution

Percentile by Number Answered

Percent of People with Each Score

Your Score History

You have not taken this quiz